| 000 | 00870nas a2200253 4500 | ||
|---|---|---|---|
| 001 | BR8703068 | ||
| 003 | BR-BrBNA | ||
| 005 | 20231205090654.0 | ||
| 007 | ta | ||
| 008 | 230509b bl.|||p| |||| 00| 00por d | ||
| 040 |
_aBR-BrBNA _bpor _cBiblioteca Nacional de Agricultura |
||
| 041 | _a(Pt) | ||
| 072 | _aP10 | ||
| 100 | 1 | _aRocha, M. das G. | |
| 100 | 1 | _aMaciel, O. de O. | |
| 245 | 1 | _aDeterminacao colorimetrica do nitrogenio aminiacal. Metodo de nessler; modificado (adaptacao especialmente destinada para uso em agua do mar) | |
| 650 | _aNITROGENIO | ||
| 650 | _aAGUA SALGADA | ||
| 650 | _aTRATAMENTO DA AGUA | ||
| 650 | _aCOLORIMETRIA | ||
| 773 | 0 |
_tBoletim Cientifico - Associacao de Credito e Assistencia Pesqueira de Santa Catarina (Brazil) _x _g(1972), v. 5(1) p. 25-44 _wBR8703068 |
|
| 909 |
_a202311 _bLúcia _c55 _dLúcia Elande |
||
| 942 |
_2AGRIS _n0 _cANA |
||
| 999 |
_c120162 _d120162 |
||